000 00335nam a2200157Ia 4500
100 _aLalonde/ Wilf/ Pugh/ John
250 _aI
942 _cBK
654 _aInside small talk
245 _aInside Smalll Talk
260 _bPrentice Hall
_c1990
082 _a5.43
_bLAL/PUG
300 _a512
546 _aENGLISH
999 _c32678
_d32678